Methodologies for assessing the impact of deep sea-bed minerals on the world economy /

Bibliographic Details
Corporate Author: United Nations. Department of International Economic and Social Affairs
Format: Book
Language:English
Published: New York : United Nations, 1986.
Subjects:

MARC

Tag First Indicator Second Indicator Subfields
LEADER 00000cam a2200000 a 4500
001 in00000009860
005 20151007051556.0
008 870303s1986 nyua b i00000 eng
010 |a  87118207  
035 |a (OCoLC)16017070 
035 |9 AAA3689AM 
040 |a DLC  |c DLC  |d TXA  |d UtOrBLW 
049 |a TXAM  |c [11026040] 
050 0 0 |a HD9506.A2  |b M47 1986 
082 0 |a 338.2  |2 19 
245 0 0 |a Methodologies for assessing the impact of deep sea-bed minerals on the world economy /  |c Department of International Economic and Social Affairs. 
264 1 |a New York :  |b United Nations,  |c 1986. 
300 |a ix, 153 pages :  |b illustrations ;  |c 28 cm. 
336 |a text  |b txt  |2 rdacontent 
337 |a unmediated  |b n  |2 rdamedia 
338 |a volume  |b nc  |2 rdacarrier 
500 |a At head of title: Department of International Economic and Social Affairs. 
500 |a "United Nations publication sales number E.86.II.A.13."--Verso title page. 
500 |a "ST/ESA/168." 
504 |a Bibliography: pages 146-153. 
650 0 |a Mineral industries. 
650 0 |a Mineral resources in submerged lands  |x Economic aspects. 
650 0 |a Marine mineral resources  |x Economic aspects. 
710 2 |a United Nations.  |b Department of International Economic and Social Affairs. 
999 |a MARS 
999 f f |s 75dc0caf-0741-32d3-871c-d308f6650e02  |i 662dff28-9b37-3075-8d05-552558c1dcb4  |t 0 
952 f f |p ric  |a Texas A&M University  |b Rellis Campus  |c Joint Library Facility  |d Remote Storage  |t 0  |e HD9506.A2 M47 1986  |h Library of Congress classification  |i unmediated -- volume  |m A14811026040 
998 f f |a HD9506.A2 M47 1986  |t 0  |l Remote Storage